000 00501nam a2200169Ia 4500
003 LK-CoDNM
008 010623t xxu||||| |||| 00| 1 sin d
040 _aLK-CoDNM
_dLK-CoDNM
_eLK-CoDNM
041 _asin
080 _a294.3 GUN
100 _aGunawardena,Nadeesha Sharmalee.
245 _aඅශෝක අධිරාජ්‍යාගේ ප්‍ර‍ජා පාලනය
246 _aAsoka Adirajayage Praja Palanaya
260 _bS.Godage
_aColombo
300 _b104p., 21 cm
942 _cBK
999 _c137295
_d137295